000 00763nam a2200265Ia 4500
001 Para_5886
003 CHAP
008 220125s1960 xx 000 0 und d
010 _a204359
040 _cCHAP
082 _aPA 519.5 S8
100 _aSteel, Robert George Douglas
_9109567
245 _aPrinciples and procedures of statiscal; with special reference to the biological sciences /
_c (by) R.G.D.S, and James H. Torrie
260 _aNew York :
_b McGraw Hill
300 _a481 p.
650 _aEstadística
_938241
700 _aTorrie, James H
_9170272
901 _aPA 519.5 S8
902 _aA
905 _a0000001960 0000000000 00
910 _a1960
942 _cPARA
942 _cPARA
_d1
999 _c204359
_d204359